| 000 | 01266nam a2200217Ia 4500 | ||
|---|---|---|---|
| 003 | Ost | ||
| 005 | 20260507075503.0 | ||
| 008 | 260507s9999||||xx |||||||||||||| ||und|| | ||
| 020 | _a9961008057 | ||
| 040 | _cfsecg | ||
| 041 | _aara | ||
| 082 | _a553.28 | ||
| 100 |
_aالموسوي، ضياء مجيد _eمؤلف |
||
| 245 | 0 |
_aثورة أسعار النفط / _c ضياء مجيد الموسوي |
|
| 260 |
_aالجزائر: _bديوان المطبوعات الجامعية, _c2004 |
||
| 300 |
_a112 صفحة؛ _c22 سم |
||
| 504 | _aببليوغرافيا:ص ص.110-111 | ||
| 520 | _aالأرقام القياسية لأسعار النفط خلال الفترة من1جوان-16أكتوبر2004،زيادة الطلب العالمي على النفط عام 2004،منظمة أوبك تتجاوب مع الطلب العالمي المتزايد على النفط،السعر العادل للنفط وأوبك غير مسؤولة عن ارتفاع أسعار المشتقات النفطية في أمريكا وأوروبا،أثر إرتفاع أسعار النفط على معدل النمو الإقتصادي العالمي،أهمية نفط الشرق الأوسط والحرب على العراق | ||
| 653 | _aالبترول | ||
| 942 | _cكتاب | ||
| 999 |
_c44702 _d44702 |
||